|
|
|
|
| LEADER |
00000nam2a2200000 4500 |
| 001 |
78966 |
| 005 |
20231031094120.0 |
| 035 |
|
|
|a (RuTPU)RU\TPU\book\84807
|
| 090 |
|
|
|a 78966
|
| 100 |
|
|
|a 20050708d2005 km y0rusy50 ca
|
| 101 |
0 |
|
|a rus
|
| 102 |
|
|
|a RU
|
| 105 |
|
|
|a a g 000zy
|
| 200 |
0 |
|
|a Вып. 1
|
| 210 |
|
|
|d 2005
|
| 215 |
|
|
|a 80 с.
|c ил.
|
| 225 |
1 |
|
|a В хозяйстве пригодится
|
| 461 |
|
1 |
|0 (RuTPU)RU\TPU\book\135248
|t Справочно-отвлекательный информационно-дискуссионный сборник материалов для начальствующего состава библиотечного сообщества и их подчиненных (тоже книга)
|f Центральный коллектор библиотек "Бибком"
|v Вып. 1
|d 2005-
|
| 610 |
1 |
|
|a библиотеки
|
| 610 |
1 |
|
|a библиотечное дело
|
| 610 |
1 |
|
|a право
|
| 610 |
1 |
|
|a авторское право
|
| 686 |
|
|
|a Ч73
|v LBC/SL-A
|2 rubbk
|
| 801 |
|
1 |
|a RU
|b 63413507
|c 20050708
|g PSBO
|
| 801 |
|
2 |
|a RU
|b 63413507
|c 20080115
|g PSBO
|
| 942 |
|
|
|c BK
|